000 00612nam a2200193Ia 4500
005 20250923145323.0
008 008 250917s9999 xx 000 0 eng d
037 _aTextual
040 _aDSWL
_beng
_cDSWL
041 _aeng
_2eng
084 _aUb2,N65, N75;3
_qDSWL
245 4 _aThe Gazetteer of India Vol III Economic study and activities
_c Ed.by P.N. Chopra
260 _aNew Delhi
_b Ministry of Education and Social Welfare Deptt. of Culture
_c1975
300 _a1278 p.
365 _aINR
_b81 . 0
925 _g81 . 0
942 _cTEXL
_hUb2,N65, N75;3
999 _c1449935
_d1449935